000 00801nam a2200205 a 4500
008 120210s1992 ||||||||||||||||| || u
020 _a0872201368
050 _aJC 71 Pla
100 _aPlato
245 1 0 _aRepublic
_ctranslated by G. M. A. Grube; revised by C.D.C. Reeve
260 _aIndianapolis, IN
_bHackett Publishing
_c1992
300 _axx, 300p.
350 _a0.00
500 _aIt is thought that "the Republic" was written in c. 380 BC
650 _aUTOPIAS
650 _aPOLITICAL SCIENCE--ITALY--HISTORY--16TH CENTURY
700 _aReeve, C.D.C., 1948-
700 _aGrube, G.M.A. (George Maximilian Anthony)
995 _D0.00
_FCBU-MAIN LIBRARY (Kitwe)
_H1
_I0.00
_M1
_UAVAILABLE
_WApr 12, 2012
_ZMain Library Open Access Collection
999 _c56260
_d56260